| 000 | 00425nam a2200133Ia 4500 | ||
|---|---|---|---|
| 005 | 20260328104328.0 | ||
| 008 | 260328s9999||||xx |||||||||||||| ||und|| | ||
| 100 | _aVillate, Camilo | ||
| 245 | 0 |
_aLa Innovación técnica en la Modernidad Bogotána : _bel caso del Edificio Pan American Life Insurance / _cCamilo Villate |
|
| 260 | _bUniversidad de los Andes | ||
| 300 | _a189 p. | ||
| 650 | _aEDIFICIOS EN ALTURA | ||
| 942 | _cBK | ||
| 999 |
_c11613 _d11613 |
||